[Event "Djerba Blitz 2025"]
[Site "Djerba TUN"]
[Date "2025.02.19"]
[Round "6.12"]
[White "Bensadi, Lotfi"]
[Black "Kakavand, Ramtin"]
[Result "0-1"]
[BlackTitle "FM"]
[WhiteElo "1971"]
[BlackElo "2106"]
[WhiteFideId "7904576"]
[BlackFideId "32790597"]
[EventDate "2025.02.19"]

1. e4 e5 2. Bc4 Nf6 3. d4 exd4 4. Nf3 Nxe4 5. Qxd4 Nf6 6. Nc3 Be7 7. Bg5 O-O 8.
O-O-O Nc6 9. Qh4 d6 10. Bd3 g6 11. Rhe1 Be6 12. h3 a5 13. Qh6 Re8 14. Rxe6 fxe6
15. Bxg6 Bf8 16. Qh4 Bg7 17. Bxh7+ Kf8 18. Ne4 Kf7 19. Bxf6 Bxf6 20. Qh5+ Kf8
21. Nfg5 Bxg5+ 22. Nxg5 Qf6 23. Rd3 Ne5 24. Rd4 Ke7 25. Ne4 Qf4+ 26. Kb1 Qf7 27.
Qh4+ Kd7 28. Nf6+ Kc8 29. Nxe8 Qxe8 30. Rf4 b6 31. Qf6 Kb7 32. Be4+ Nc6 33. Rg4
d5 34. Bd3 Nb4 35. Rg7 Nxd3 36. cxd3 Qa4 37. Qf3 Rf8 38. Qe2 Rxf2 39. Rxc7+ Kxc7
40. Qe5+ Kb7 0-1

[Event "Djerba Blitz 2025"]
[Site "Djerba TUN"]
[Date "2025.02.19"]
[Round "6.13"]
[White "Zouaghi, Ahmed"]
[Black "Gemelli, Romain"]
[Result "1-0"]
[WhiteElo "1919"]
[BlackElo "2203"]
[WhiteFideId "5517516"]
[BlackFideId "1336401"]
[EventDate "2025.02.19"]

1. e4 e5 2. Nf3 Nc6 3. d4 exd4 4. Nxd4 Bc5 5. Nb3 Bb6 6. Nc3 Nf6 7. Qe2 O-O 8.
Bg5 h6 9. Bh4 g5 10. Bg3 Re8 11. O-O-O d6 12. h4 g4 13. f3 a5 14. a4 Nb4 15. Bf4
h5 16. Bg5 Be6 17. e5 Bxb3 18. cxb3 Rxe5 19. Qxe5 dxe5 20. Rxd8+ Rxd8 21. Bxf6
Be3+ 22. Kb1 Rd2 23. fxg4 hxg4 24. Bxe5 c6 25. h5 Kh7 26. Bc4 Rxg2 27. Bxf7 Kh6
28. Nd1 Bg5 29. Bc3 Nd3 30. Bg6 Nf4 31. Be8 g3 32. Ne3 Rh2 33. Ng4+ Kh7 34. Nxh2 1-0

[Event "Djerba Blitz 2025"]
[Site "Djerba TUN"]
[Date "2025.02.19"]
[Round "6.14"]
[White "Zenaidi, Sadok"]
[Black "Thorfinnsson, Bjorn"]
[Result "0-1"]
[BlackTitle "IM"]
[WhiteElo "1872"]
[BlackElo "2377"]
[WhiteFideId "5510120"]
[BlackFideId "2300982"]
[EventDate "2025.02.19"]

1. e4 e5 2. Nf3 Nc6 3. Bc4 Nf6 4. Ng5 d5 5. exd5 Na5 6. Bb5+ Bd7 7. Bxd7+ Qxd7
8. O-O h6 9. Nf3 e4 10. Re1 Be7 11. Ne5 Qxd5 12. d4 Rd8 13. c3 c5 14. Qa4+ Nc6
15. Be3 O-O 16. Nxc6 bxc6 17. Qxa7 Bd6 18. Qa4 Qh5 19. h3 g5 20. dxc5 Be5 21.
Nd2 Rfe8 22. Bd4 Bxd4 23. cxd4 g4 24. Re3 gxh3 25. Rxh3 Qe2 26. Nf1 Re6 27. Rg3+
Kh7 28. Rc1 Nh5 29. Re3 Qg4 30. Qc2 Rg8 31. Ng3 f5 32. Ree1 f4 33. Rxe4 Reg6 34.
Re7+ Kh8 35. d5 fxg3 36. Qc3+ R6g7 37. f3 Qh4 38. Re6 Qh2+ 39. Kf1 Qh1+ 40. Ke2
Qxg2+ 41. Kd1 Qg1+ 42. Kd2 Qf2+ 43. Kd1 Kh7 44. Qd3+ Rg6 45. Re7+ Rg7 46. d6 g2 0-1

[Event "Djerba Blitz 2025"]
[Site "Djerba TUN"]
[Date "2025.02.19"]
[Round "6.15"]
[White "Viers, Emmanuel"]
[Black "Azreug, Lazhar"]
[Result "1-0"]
[WhiteElo "2072"]
[BlackElo "1793"]
[WhiteFideId "656739"]
[BlackFideId "7909616"]
[EventDate "2025.02.19"]

1. d4 Nf6 2. Nc3 d5 3. Nf3 g6 4. Qd3 Bg7 5. e4 dxe4 6. Nxe4 O-O 7. Ng3 Nc6 8. c3
e5 9. dxe5 Qxd3 10. Bxd3 Re8 11. O-O Ng4 12. Bb5 Ngxe5 13. Nxe5 Bxe5 14. Bxc6
bxc6 15. Re1 Ba6 16. Bd2 Rab8 17. b3 Rbd8 18. Rad1 Bd3 19. Bg5 f6 20. Rxe5 fxe5
21. Bxd8 Rxd8 22. f3 Rd6 23. Re1 Rd5 24. Kf2 Kf7 25. Ke3 Kf6 26. c4 Rd6 27. Rc1
Bf5 28. Ne4+ Bxe4 29. fxe4 c5 30. Rf1+ Ke7 31. g4 Ra6 32. Rf2 Rd6 33. Rd2 Ra6
34. h4 Ke6 35. Rd5 Rxa2 36. Rxc5 Kd6 37. Rd5+ Ke6 38. Rc5 Kd6 39. Rb5 Ra3 40.
Kf3 a6 41. Rb8 Kc5 42. Ke3 a5 43. Rb5+ Kd6 44. Kd2 c6 45. c5+ Kc7 46. Rb6 Ra2+
47. Kc3 Re2 48. Kd3 Rg2 49. Ra6 Rg3+ 50. Kc2 Rxg4 51. Rxa5 Rxe4 52. Ra7+ Kd8 53.
Rxh7 Rg4 54. Kc3 e4 55. Kd4 Ke8 56. b4 Kf8 57. Rc7 Rxh4 58. Rxc6 g5 59. Rg6 Kf7
60. Rxg5 Kf6 61. Rd5 Ke6 62. Rd6+ Ke7 63. b5 e3+ 64. Kxe3 Rb4 65. b6 Rc4 66. Rc6
Kd7 67. Rc7+ Kd8 68. Kd3 Rc1 69. c6 Rd1+ 70. Kc4 Rc1+ 71. Kb5 Ra1 72. Rd7+ Ke8
73. b7 Rb1+ 74. Ka6 Ra1+ 75. Kb6 Rb1+ 76. Kc7 Rc1 77. b8=Q# 1-0

[Event "Djerba Blitz 2025"]
[Site "Djerba TUN"]
[Date "2025.02.19"]
[Round "6.16"]
[White "Amdouni, Zoubaier"]
[Black "Marceil, Jean"]
[Result "1-0"]
[WhiteTitle "FM"]
[WhiteElo "2229"]
[BlackElo "1901"]
[WhiteFideId "5500419"]
[BlackFideId "20603444"]
[EventDate "2025.02.19"]

1. e4 e6 2. d4 d5 3. Bd3 dxe4 4. Bxe4 Nf6 5. Bf3 c6 6. Ne2 Bd6 7. O-O Qc7 8. g3
Nbd7 9. c4 c5 10. Nbc3 O-O 11. Nb5 Qb8 12. Nxd6 Qxd6 13. Bf4 Qb6 14. dxc5 Nxc5
15. Be3 a5 16. Nc3 Qc7 17. Nb5 Qe7 18. Qd4 Na6 19. Rfe1 Rd8 20. Qh4 Nc5 21. Rad1
Ncd7 22. Nc7 Ra6 23. Nxa6 bxa6 24. c5 Nb8 25. Rxd8+ Qxd8 26. Rd1 Qc7 27. Bf4 Qd8 1-0

[Event "Djerba Blitz 2025"]
[Site "Djerba TUN"]
[Date "2025.02.19"]
[Round "6.17"]
[White "Alonso Garuti, Luis Eugenio"]
[Black "Maisuradze, Nino"]
[Result "0-1"]
[BlackTitle "WGM"]
[WhiteElo "1845"]
[BlackElo "2174"]
[WhiteFideId "2223902"]
[BlackFideId "13601717"]
[EventDate "2025.02.19"]

1. e4 c5 2. Nf3 Nc6 3. d4 cxd4 4. c3 dxc3 5. Bc4 d6 6. O-O Nf6 7. Nxc3 Bg4 8.
Qb3 e6 9. Qb4 b6 10. Qxb6 Qc8 11. Qb3 Bxf3 12. gxf3 Rb8 13. Qa4 Rb4 14. Qa6 Qxa6
15. Bxa6 Nd4 16. Kg2 Nd7 17. Be3 Nc2 18. Rac1 Nxe3+ 19. fxe3 Rxb2+ 20. Ne2 Nc5
21. Bc4 Be7 22. Kg1 O-O 23. Nf4 Rfb8 24. Bb3 Nxb3 25. axb3 R2xb3 26. Rc7 R3b7
27. Rfc1 g5 28. Nh5 f6 29. Rxb7 Rxb7 30. Rc8+ Kf7 31. Rh8 Kg6 32. Ng3 f5 33.
exf5+ exf5 34. Re8 Bf6 35. Re6 Rb6 36. e4 fxe4 37. Nxe4 d5 38. Ng3 Rxe6 39. f4 0-1

[Event "Djerba Blitz 2025"]
[Site "Djerba TUN"]
[Date "2025.02.19"]
[Round "6.18"]
[White "Rene, Benoit"]
[Black "El Kadi, Ismael"]
[Result "1-0"]
[WhiteTitle "FM"]
[WhiteElo "2108"]
[BlackElo "1852"]
[WhiteFideId "600636"]
[BlackFideId "240176"]
[EventDate "2025.02.19"]

1. g3 g6 2. Bg2 Bg7 3. e4 d6 4. d4 Nf6 5. Nc3 a6 6. Nge2 Nbd7 7. O-O O-O 8. h3
c5 9. dxc5 Nxc5 10. Be3 Qc7 11. Qd2 Rd8 12. Rfd1 Nfd7 13. Nd5 Qb8 14. Nxe7+ Kh8
15. Bd4 Ne5 16. Bxc5 Bxh3 17. Bxd6 Qa7 18. Qf4 Ng4 19. Bxh3 Rxd6 20. Bxg4 Rf6
21. Qe3 Qb8 22. Nd5 1-0

[Event "Djerba Blitz 2025"]
[Site "Djerba TUN"]
[Date "2025.02.19"]
[Round "6.19"]
[White "Nassr, Lina"]
[Black "Dauvois, Theo"]
[Result "1-0"]
[WhiteTitle "WIM"]
[WhiteElo "1934"]
[BlackElo "1663"]
[WhiteFideId "7908075"]
[BlackFideId "652025357"]
[EventDate "2025.02.19"]

1. d4 d5 2. Nf3 Nf6 3. e3 g6 4. c4 c6 5. Nc3 Bg7 6. Bd3 O-O 7. O-O Bg4 8. h3
Bxf3 9. Qxf3 e6 10. cxd5 cxd5 11. b3 Nc6 12. Bb2 Rc8 13. Rac1 a6 14. Na4 Nd7 15.
Rfd1 Qe7 16. Nc3 Nb4 17. Bb1 Rc7 18. a3 Nc6 19. Ne2 Rfc8 20. e4 dxe4 21. Bxe4
Nf6 22. Bb1 Nd5 23. Re1 Na5 24. Rxc7 Rxc7 25. Qd3 Nc6 26. b4 Rd7 27. Rd1 Nc7 28.
Qc4 Rd5 29. Nf4 Rd7 30. Ba2 Nb5 31. Ne2 Qd8 32. a4 Nbxd4 33. Nxd4 Nxd4 34. Bxd4
Rxd4 35. Rxd4 Qxd4 36. Qc8+ Bf8 37. Qc2 Bd6 38. b5 Qa1+ 39. Bb1 axb5 40. axb5
Qe5 41. Qd3 Qh2+ 42. Kf1 Qh1+ 43. Ke2 Bf8 44. Qe4 Qc1 45. Bd3 1-0

[Event "Djerba Blitz 2025"]
[Site "Djerba TUN"]
[Date "2025.02.19"]
[Round "6.20"]
[White "Kaabi, Iheb"]
[Black "Skhiri Youssef"]
[Result "1-0"]
[WhiteElo "1810"]
[BlackElo "1808"]
[WhiteFideId "5508240"]
[BlackFideId "5513243"]
[EventDate "2025.02.19"]

1. e4 e5 2. Bc4 Bc5 3. d3 Nc6 4. Nc3 d6 5. f4 Na5 6. Nf3 Nxc4 7. dxc4 exf4 8.
Bxf4 Nf6 9. Qe2 Bb4 10. O-O Bxc3 11. bxc3 O-O 12. Rad1 Qe7 13. Nd2 Bg4 14. Qd3
Bxd1 15. Rxd1 Rfe8 16. Bg5 Qe5 17. Bxf6 Qxf6 18. Rf1 Qg6 19. Qd5 c6 20. Qd3 Rad8
21. Qe3 d5 22. cxd5 cxd5 23. e5 Qb6 24. Qxb6 axb6 25. Nf3 Rc8 26. Rb1 Rxc3 27.
Rxb6 Re7 28. Nd4 h6 29. Rb5 Rd7 30. Kf2 Ra3 31. h4 Rxa2 32. Ke3 Kf8 33. g4 g6
34. h5 Ke7 35. hxg6 fxg6 36. e6 Rd6 37. Rxb7+ Kf6 38. Rf7+ Ke5 39. e7 Ra3+ 40.
Kd2 Ra8 41. Rf8 1-0

[Event "Djerba Blitz 2025"]
[Site "Djerba TUN"]
[Date "2025.02.19"]
[Round "6.21"]
[White "Sazlik, Mucahit"]
[Black "Amrane, Abdellah"]
[Result "0-1"]
[BlackTitle "CM"]
[WhiteElo "1672"]
[BlackElo "2021"]
[WhiteFideId "34553762"]
[BlackFideId "7912994"]
[EventDate "2025.02.19"]

1. d4 c5 2. d5 d6 3. c4 g6 4. Nc3 Bg7 5. e4 e5 6. Be2 f5 7. Nf3 h6 8. Qc2 Nf6 9.
Bd2 O-O 10. Bd3 f4 11. h3 a6 12. a4 b6 13. O-O Kh7 14. a5 bxa5 15. Ne2 Bd7 16.
Bxa5 Qc8 17. b4 Bxh3 18. bxc5 Bxg2 19. Kxg2 Qg4+ 20. Ng3 fxg3 21. fxg3 Nh5 22.
Be1 Nf4+ 23. Kf2 Qh3 0-1

[Event "Djerba Blitz 2025"]
[Site "Djerba TUN"]
[Date "2025.02.19"]
[Round "6.23"]
[White "Ajbara Jamal"]
[Black "Baduel Ghalimi, Maxence"]
[Result "1-0"]
[WhiteElo "1898"]
[BlackElo "1506"]
[WhiteFideId "9012443"]
[BlackFideId "527013537"]
[EventDate "2025.02.19"]

1. d4 d5 2. Nf3 Nf6 3. c4 e6 4. Nc3 Be7 5. Bg5 dxc4 6. e4 O-O 7. Bxc4 c5 8. O-O
Nc6 9. e5 Nd5 10. Bxe7 Ncxe7 11. dxc5 Nxc3 12. bxc3 Qa5 13. Qd4 Rd8 14. Qe3 Nf5
15. Qg5 Bd7 16. Rad1 Qxc5 17. Bb3 Qe7 18. Qf4 Bc6 19. Nd4 Nxd4 20. cxd4 Bd5 21.
Rd3 Bxb3 22. axb3 Rac8 23. Rg3 Kh8 24. h4 f6 25. h5 Rf8 26. h6 g6 27. exf6 Qxf6
28. Qe4 Rc7 29. Rf3 Qe7 30. Rxf8+ Qxf8 31. Qe5+ 1-0

[Event "Djerba Blitz 2025"]
[Site "Djerba TUN"]
[Date "2025.02.19"]
[Round "6.24"]
[White "MEZGOURI NOUREDDINE"]
[Black "Gunduz, Davud"]
[Result "1-0"]
[WhiteElo "1891"]
[BlackElo "1483"]
[WhiteFideId "9007458"]
[BlackFideId "652008410"]
[EventDate "2025.02.19"]

1. b3 d5 2. Bb2 Nf6 3. g3 c6 4. Bg2 Bf5 5. e3 Nbd7 6. Ne2 e5 7. O-O Bc5 8. d4
exd4 9. Nxd4 O-O 10. Nxf5 Re8 11. Nd2 Qc8 12. c4 dxc4 13. Nxc4 Nf8 14. Nfd6 Bxd6
15. Nxd6 Qe6 16. Nxe8 Rxe8 17. Qc2 Ng6 18. Rad1 h6 19. Rd2 Ne7 20. Rfd1 Nfd5 21.
e4 Nb4 22. Qc3 Na6 23. Qxg7# 1-0

[Event "Djerba Blitz 2025"]
[Site "Djerba TUN"]
[Date "2025.02.19"]
[Round "6.27"]
[White "Rekik, Ismail"]
[Black "Boudnani, Brahim"]
[Result "1-0"]
[WhiteElo "2006"]
[BlackElo "1721"]
[WhiteFideId "5514100"]
[BlackFideId "9026401"]
[EventDate "2025.02.19"]

1. c4 d6 2. Nc3 Nf6 3. g3 Nbd7 4. Nf3 e5 5. Bg2 Be7 6. O-O c6 7. d4 e4 8. Ng5 h6
9. Ngxe4 Qc7 10. Bf4 g5 11. Be3 Nxe4 12. Bxe4 Nf6 13. Bg2 Rg8 14. Rc1 h5 15. h3
h4 16. g4 Nxg4 17. hxg4 Bxg4 18. f4 gxf4 19. Rxf4 Bh3 20. Rf2 Bg4 21. Kh1 h3 22.
Bf3 O-O-O 23. Nd5 Bxf3+ 24. Rxf3 Qd7 25. Nxe7+ Qxe7 26. Qd3 Rg2 27. Qf5+ Kb8 28.
c5 d5 29. Bf4+ Ka8 30. Re3 Qh4 31. Qxh3 Qxf4 32. Kxg2 Rg8+ 33. Kh1 a6 34. Rg1
Rb8 35. Rg4 Qf5 36. Kg2 Ka7 37. Qf3 Qh5 38. Rg7 Rh8 39. Qxh5 Rxh5 40. Rxf7 Rg5+
41. Kf2 a5 42. Ree7 Ka6 43. Rxb7 a4 44. Rb6+ 1-0

[Event "Djerba Blitz 2025"]
[Site "Djerba TUN"]
[Date "2025.02.19"]
[Round "6.28"]
[White "Mendili, Jahed"]
[Black "Chaudesaygues, Hugo"]
[Result "1-0"]
[WhiteElo "1771"]
[BlackElo "1624"]
[WhiteFideId "5541573"]
[BlackFideId "652013740"]
[EventDate "2025.02.19"]

1. e4 e5 2. Nf3 Nc6 3. Bb5 a6 4. Ba4 Nf6 5. O-O b5 6. Bb3 Bc5 7. Re1 O-O 8. c3
Bb6 9. d4 Re8 10. Bg5 h6 11. Bh4 g5 12. Bg3 exd4 13. e5 dxc3 14. Nxc3 Nh7 15.
Qd5 Qe7 16. Ne4 Qe6 17. Qd3 Qg6 18. Nf6+ Nxf6 19. Qxg6+ 1-0

[Event "Djerba Blitz 2025"]
[Site "Djerba TUN"]
[Date "2025.02.19"]
[Round "6.31"]
[White "Saidi, Bouziane"]
[Black "Zerarga, Imene"]
[Result "0-1"]
[WhiteElo "1710"]
[BlackElo "1831"]
[WhiteFideId "7904436"]
[BlackFideId "7921136"]
[EventDate "2025.02.19"]

1. e4 c5 2. Nf3 d6 3. Nc3 Nf6 4. Bc4 Nc6 5. a3 g6 6. d4 cxd4 7. Nxd4 Bg7 8. O-O
O-O 9. Be3 Ng4 10. Re1 Nxe3 11. fxe3 Ne5 12. Bb3 Bg4 13. Qd2 Rc8 14. h3 Bd7 15.
Rf1 Nc4 16. Bxc4 Rxc4 17. b3 Rc5 18. Nd5 e6 19. Nf4 e5 20. b4 Rc8 21. Rf3 exd4
22. exd4 Be6 23. c3 Qc7 24. d5 Bd7 25. Rc1 Qc4 26. Ne2 Qxe4 27. Rcf1 Bb5 28. Ng3
Qc4 29. R1f2 Bxc3 30. Qc2 Bd4 0-1

[Event "Djerba Blitz 2025"]
[Site "Djerba TUN"]
[Date "2025.02.19"]
[Round "6.32"]
[White "Benzarti, Thabet"]
[Black "Charfeddine, Khaled"]
[Result "1-0"]
[WhiteElo "1664"]
[BlackElo "1908"]
[WhiteFideId "5529441"]
[BlackFideId "5519136"]
[EventDate "2025.02.19"]

1. d4 Nf6 2. c4 c6 3. Nc3 d5 4. Nf3 g6 5. e3 Bg4 6. h3 Bxf3 7. Qxf3 Bg7 8. Bd3
e6 9. O-O O-O 10. Rd1 Nbd7 11. e4 dxe4 12. Nxe4 Nxe4 13. Bxe4 Nf6 14. Bc2 Qc7
15. Bf4 Qe7 16. Be5 Nd7 17. Bxg7 Kxg7 18. d5 exd5 19. cxd5 cxd5 20. Qxd5 Nf6 21.
Qb3 Rfd8 22. Re1 Qc7 23. Rad1 a6 24. Bb1 Kg8 25. Rc1 Qd7 26. Rcd1 Qb5 27. Qc2
Rac8 28. Rxd8+ Rxd8 29. a4 Qg5 30. Qc7 Qd5 31. Ba2 Qd7 32. Qxd7 Rxd7 33. b3 Kg7
34. Bb1 Nh5 35. Be4 Nf4 36. Bf3 h5 37. Rd1 Rxd1+ 38. Bxd1 b6 39. Kf1 Kf6 40. h4
Ne6 41. Be2 a5 42. Bb5 Nd4 43. Bc4 Ke7 44. Ke1 f6 45. Kd2 g5 46. hxg5 fxg5 47.
Kd3 Nc6 48. Ke4 Kf6 49. Kd5 Ne5 50. Kd6 g4 51. Kc7 h4 52. Kxb6 h3 53. gxh3 gxh3
54. Bd5 Kf5 55. Kxa5 Kf4 56. Bh1 Nd3 57. Kb5 Nxf2 58. Bc6 Ng4 59. a5 Ne3 60. a6
Ng2 61. a7 Kg3 62. a8=Q 1-0

[Event "Djerba Blitz 2025"]
[Site "Djerba TUN"]
[Date "2025.02.19"]
[Round "6.33"]
[White "Mendil, Yacine"]
[Black "El Gazzar, Ahmed"]
[Result "0-1"]
[WhiteElo "1699"]
[BlackElo "1667"]
[WhiteFideId "652042421"]
[BlackFideId "9046720"]
[EventDate "2025.02.19"]

1. Nf3 d5 2. b3 Nc6 3. Bb2 Nf6 4. e3 Bg4 5. Be2 e6 6. O-O Bd6 7. h3 Bh5 8. d4
Qe7 9. Nbd2 O-O-O 10. c4 dxc4 11. Nxc4 g5 12. Nxd6+ Qxd6 13. Ne5 Nxe5 14. dxe5
Qxd1 15. Rfxd1 Bxe2 16. Rxd8+ Rxd8 17. exf6 Rd1+ 18. Rxd1 Bxd1 19. Kf1 Kd7 20.
Ke1 Bc2 21. Kd2 Be4 22. f3 Bc6 23. a3 h5 24. b4 a6 25. e4 Kd6 26. Ke3 e5 27. g3
Ke6 28. f4 gxf4+ 29. gxf4 Kxf6 30. Bxe5+ Ke6 31. Bxc7 f5 32. e5 b5 33. h4 Bd5
34. Kd4 Bb7 35. Kc5 Kd7 36. Bd6 Bc8 37. Kb6 Kd8 38. Ka7 Kd7 39. Kb6 Kd8 40. Kc5
Kd7 41. e6+ Kxe6 42. Be5 Bb7 43. Kb6 Bc8 44. Kc7 Bd7 45. Kb7 Kd5 46. Kxa6 Ke4
47. Ka5 Kf3 48. a4 bxa4 49. b5 Bxb5 50. Kxb5 a3 51. Kb4 a2 52. Kb3 a1=R 53. Bxa1
Kxf4 54. Kc2 Kg3 55. Bf6 f4 56. Kd2 f3 57. Ke1 Kg2 58. Bd4 Kg3 59. Bf6 f2+ 60.
Kf1 Kf3 0-1

[Event "Djerba Blitz 2025"]
[Site "Djerba TUN"]
[Date "2025.02.19"]
[Round "6.34"]
[White "Hafsa, Yessine"]
[Black "Chartier, Romain"]
[Result "1-0"]
[WhiteElo "1503"]
[BlackElo "1581"]
[WhiteFideId "5540739"]
[BlackFideId "651087197"]
[EventDate "2025.02.19"]

1. e4 c6 2. d4 d5 3. Nc3 dxe4 4. Nxe4 Bf5 5. Ng3 Bg6 6. h4 h6 7. Nh3 Nd7 8. Nf4
Bh7 9. Bc4 e6 10. O-O Ngf6 11. Re1 Be7 12. Bxe6 fxe6 13. Nxe6 Qb6 14. Nxg7+ Kf7
15. N3f5 Bxf5 16. Nxf5 Bb4 17. c3 Ba5 18. b4 Bxb4 19. cxb4 Qxb4 20. Nxh6+ Kg7
21. Nf5+ Kg6 22. Bd2 Qb6 23. Qc2 Rag8 24. Ne7+ Kf7 25. Nxg8 Rxg8 26. Qb3+ Qxb3
27. axb3 a6 28. Bg5 Nd5 29. f4 N7f6 30. Kf2 Nh5 31. Kf3 Ng7 32. g4 Ne6 33. Re5
Nxd4+ 34. Kg3 Nxb3 35. Rb1 Nc5 36. h5 Nd7 37. Rxb7 Rd8 38. Bxd8 1-0

[Event "Djerba Blitz 2025"]
[Site "Djerba TUN"]
[Date "2025.02.19"]
[Round "6.36"]
[White "Mekki, Walid"]
[Black "Ferahi, Tarik"]
[Result "0-1"]
[WhiteElo "1578"]
[BlackElo "1612"]
[WhiteFideId "5523729"]
[BlackFideId "7912153"]
[EventDate "2025.02.19"]

1. e4 e5 2. Nf3 Nc6 3. Bc4 Nf6 4. O-O Nxe4 5. Re1 d5 6. Bb3 Bc5 7. Rf1 Bg4 8. d3
Nxf2 9. Rxf2 Bxf2+ 10. Kxf2 Nd4 11. Nbd2 f5 12. h3 Bh5 13. Qe1 Nxf3 14. Nxf3 e4
15. Bg5 Qd6 16. dxe4 fxe4 17. Rd1 O-O 18. Rxd5 Qb6+ 19. Rd4+ Kh8 20. Be3 Qf6 21.
Rxe4 Bxf3 22. gxf3 Qxf3+ 23. Kg1 Qxe4 24. Qg3 Rad8 25. Kh2 Rf3 26. Qxc7 Rd2+ 27.
Bxd2 Qe2+ 0-1

[Event "Djerba Blitz 2025"]
[Site "Djerba TUN"]
[Date "2025.02.19"]
[Round "6.37"]
[White "Chavallard, Yanis"]
[Black "Minde, Timothe"]
[Result "0-1"]
[WhiteElo "1605"]
[BlackElo "1879"]
[WhiteFideId "652036359"]
[BlackFideId "551015579"]
[EventDate "2025.02.19"]

1. c4 c5 2. g3 g6 3. Bg2 Bg7 4. Nf3 Nc6 5. Nc3 d6 6. O-O e5 7. e3 Nge7 8. d4
exd4 9. exd4 Nxd4 10. Nxd4 Bxd4 11. Bh6 Nf5 12. Re1+ Be6 13. Bf4 O-O 14. Nd5
Bxd5 15. Bxd5 Bg7 16. Rb1 Qd7 17. Bg2 Rfe8 18. Qd2 Nd4 19. Rxe8+ Rxe8 20. Bh6 b5
21. cxb5 Qxb5 22. b3 Qe2 23. Qf4 Qxa2 24. Qc1 Ne2+ 25. Kh1 Nxc1 26. Rxc1 Bxh6
27. Rd1 Qxf2 28. Bd5 Re2 29. Bxf7+ Kh8 30. Rxd6 Qf1# 0-1

[Event "Djerba Blitz 2025"]
[Site "Djerba TUN"]
[Date "2025.02.19"]
[Round "6.38"]
[White "Chabbouh, Mohamed Rayen"]
[Black "Chargui, Saleh"]
[Result "0-1"]
[WhiteElo "1518"]
[BlackElo "1709"]
[WhiteFideId "5544319"]
[BlackFideId "5509793"]
[EventDate "2025.02.19"]

1. e4 e6 2. d4 d5 3. e5 c5 4. c3 Nc6 5. Nf3 Qb6 6. Be2 Bd7 7. b3 cxd4 8. cxd4
Bb4+ 9. Nbd2 Nxd4 10. a3 Nxf3+ 11. Bxf3 Bc3 12. Rb1 Bxe5 13. O-O Nf6 14. Re1 Bb8
15. Nf1 O-O 16. Be3 Qc7 17. g3 Bc6 18. a4 a5 19. Re2 Ba7 20. Rc2 Bxe3 21. Nxe3
Rac8 22. Rbc1 Qb6 23. Rc3 d4 24. Nc4 Bxf3 25. Qxf3 Qc6 26. Rd3 Qxf3 27. Rxf3
Rfd8 28. Rd3 Rd5 29. Rcd1 Rcd8 30. Nb6 R5d6 31. Nc4 Rd5 32. Nb6 Re5 33. Nc4 Rf5
34. Rxd4 Rxd4 35. Rxd4 h6 36. Rd8+ Kh7 37. Rb8 Nd5 38. Rxb7 Nc3 39. Kg2 Rd5 40.
Ne3 Rd2 41. Kf3 e5 42. Rxf7 e4+ 43. Kg2 Nb1 44. Nc4 Ra2 45. Nxa5 Nd2 46. Rb7 e3
47. fxe3 Nxb3+ 48. Kf3 Nxa5 49. Rb4 Nc6 50. Rc4 Ne5+ 51. Ke4 Nxc4 52. Kd4 Rxa4
53. e4 Kg8 54. Kd5 Kf8 55. h4 Ke7 56. g4 Nb6+ 57. Ke5 Nd7+ 58. Kf5 Kf7 59. e5
Ra5 60. g5 Rxe5+ 61. Kg4 Ke6 62. g6 Kf6 63. h5 Rg5+ 64. Kh4 Ne5 65. Kh3 Rxh5+ 0-1

[Event "Djerba Blitz 2025"]
[Site "Djerba TUN"]
[Date "2025.02.19"]
[Round "6.40"]
[White "Farouz, Paul"]
[Black "Doucet, Paul-Loup"]
[Result "1-0"]
[WhiteElo "1680"]
[BlackElo "1503"]
[WhiteFideId "20673612"]
[BlackFideId "551065720"]
[EventDate "2025.02.19"]

1. e4 e5 2. Nc3 Nc6 3. Bc4 Bc5 4. Qg4 g6 5. Qf3 Nf6 6. d3 Nd4 7. Qd1 a6 8. a3 d6
9. Be3 Ba7 10. b4 Be6 11. Bxe6 Nxe6 12. Nge2 Ng4 13. Bxa7 Rxa7 14. Ng3 Nf6 15.
O-O Nd4 16. f4 Nd7 17. f5 c6 18. Kh1 a5 19. bxa5 Rxa5 20. Qd2 Rc5 21. Nge2 Nxe2
22. Nxe2 Rb5 23. c4 Ra5 24. fxg6 hxg6 25. Nc3 Qh4 26. g3 Qxg3 27. Rf2 Qh4 28.
Rg1 Nc5 29. Nd5 cxd5 30. Qxa5 Nxd3 31. Qa8+ Ke7 32. Qxb7+ Kd8 33. Qb8+ Kd7 34.
Rxf7+ Ke6 35. Re7+ Qxe7 1-0

[Event "Djerba Blitz 2025"]
[Site "Djerba TUN"]
[Date "2025.02.19"]
[Round "6.41"]
[White "Khider, Amilia"]
[Black "Kolodner, Garry"]
[Result "0-1"]
[WhiteElo "1524"]
[BlackElo "1697"]
[WhiteFideId "7942257"]
[BlackFideId "2647630"]
[EventDate "2025.02.19"]

1. e4 c5 2. Nf3 Nc6 3. d4 cxd4 4. Nxd4 e5 5. Nf5 d5 6. f3 Bxf5 7. exf5 Bb4+ 8.
c3 Bc5 9. Bb5 a6 10. Ba4 Qh4+ 11. g3 Qd8 12. Nd2 Ne7 13. Nf1 Nxf5 14. Bb3 Nfe7
15. Ne3 Bxe3 16. Bxe3 O-O 17. Qd2 Qc7 18. O-O-O Rfd8 19. Bxd5 Nxd5 20. Bc5 Ncb4
21. Bxb4 Nxb4 22. Qe3 Nd5 23. Qe4 Nf6 24. Rxd8+ Rxd8 25. Qb4 Qd6 26. c4 0-1

[Event "Djerba Blitz 2025"]
[Site "Djerba TUN"]
[Date "2025.02.19"]
[Round "6.49"]
[White "Hinard, Jeremy"]
[Black "McDonald, Margaret"]
[Result "0-1"]
[WhiteElo "1609"]
[BlackElo "1404"]
[WhiteFideId "652033686"]
[BlackFideId "420417"]
[EventDate "2025.02.19"]

1. d4 d5 2. c4 dxc4 3. e3 Nf6 4. Bxc4 b6 5. Nf3 Bb7 6. Nc3 e6 7. a3 Be7 8. b4
O-O 9. Bb2 Nbd7 10. Qe2 Ne4 11. Bd3 Nxc3 12. Bxc3 Nf6 13. O-O Qd6 14. e4 Qd7 15.
Rac1 a6 16. h4 Nh5 17. Ne5 Nf4 18. Nxd7 Nxe2+ 19. Bxe2 Rfd8 20. Ne5 Bxh4 21. f3
Bg3 22. Be1 Bf4 23. Nd3 Bxc1 24. Nxc1 Rxd4 25. Bc3 Rd7 26. Nb3 b5 27. Kf2 Rad8
28. Rh1 f6 29. Nc5 Ba8 30. Nxd7 Rxd7 31. Rh5 e5 32. Rh1 Bc6 33. Rc1 Bb7 34. Bb2
Ba8 35. Rc2 Bb7 36. Ke3 Ba8 37. Rc1 Bb7 38. Bd1 Ba8 39. Bb3+ Kf8 40. a4 c6 41.
Rc5 Ke7 42. axb5 axb5 43. Rc1 Bb7 44. Ra1 Bc8 45. Ra8 Kd8 46. Bc3 Rc7 0-1